000 00552nam a2200169Ia 4500
008 090201s9999 xx 000 0 und d
010 _aKPL-12789
040 _bमराठी
041 _aमराठी
082 _a24352
_b12789
100 _aला. कृ. आयरे
245 _aसुख पाहता जवापाडे
_cला. कृ. आयरे
260 _c2004
_bवसुंधरा प्रकाशन
300 _a92
_bमोठा
600 _aसुख पाहता जवापाडे
942 _cBOOK
999 _c223683
_d223683